Eastern Utah Libraries Catalog: Duchesne, Heber, Roosevelt, & Vernal

The golden compass / (Record no. 371075)

MARC details
000 -LEADER
fixed length control field 01933cam a2200457 i 4500
001 - CONTROL NUMBER
control field on1256407129
003 - CONTROL NUMBER IDENTIFIER
control field OCoLC
005 - DATE AND TIME OF LATEST TRANSACTION
control field 20220304123704.0
008 - FIXED-LENGTH DATA ELEMENTS--GENERAL INFORMATION
fixed length control field 210614t20211995nyua c 000 1 eng d
020 ## - INTERNATIONAL STANDARD BOOK NUMBER
International Standard Book Number 9780593377710
Qualifying information (hardcover) :
Terms of availability $37.99
020 ## - INTERNATIONAL STANDARD BOOK NUMBER
International Standard Book Number 0593377710
Qualifying information (hardcover)
035 ## - SYSTEM CONTROL NUMBER
System control number (OCoLC)1256407129
Canceled/invalid control number (OCoLC)1201179577
040 ## - CATALOGING SOURCE
Original cataloging agency IMmBT
Language of cataloging eng
Description conventions rda
Transcribing agency OQX
Modifying agency OQX
-- QS3
-- OCLCQ
-- OCLCO
-- BDX
-- YDX
-- TXG
-- IH9
-- YEQ
-- IH9
-- OCLCO
-- UPB
043 ## - GEOGRAPHIC AREA CODE
Geographic area code r------
050 14 - LIBRARY OF CONGRESS CALL NUMBER
Classification number PZ7.P968
Item number Go 2021
082 04 - DEWEY DECIMAL CLASSIFICATION NUMBER
Classification number [Fic]
Edition number 23
092 ## - LOCALLY ASSIGNED DEWEY CALL NUMBER (OCLC)
Classification number young adult fiction
Item number Pullman
100 1# - MAIN ENTRY--PERSONAL NAME
Personal name Pullman, Philip,
Dates associated with a name 1946-
Relator term author.
240 10 - UNIFORM TITLE
Uniform title <a href="Northern lights">Northern lights</a>
245 14 - TITLE STATEMENT
Title The golden compass /
Statement of responsibility, etc Philip Pullman ; illustrated by Chris Wormell.
250 ## - EDITION STATEMENT
Edition statement First American edition.
264 #1 - Production, Publication, Distribution, Manufacture, and Copyright Notice.
Place of production, publication, distribution, manufacture New York :
Name of producer, publisher, distributor, manufacturer Alfred A. Knopf Books for Young Readers,
Date of production, publication, distribution, manufacture, or copyr [2021]
264 #4 - Production, Publication, Distribution, Manufacture, and Copyright Notice.
Date of production, publication, distribution, manufacture, or copyr ©1995
300 ## - PHYSICAL DESCRIPTION
Extent 283 pages :
Other physical details color illustrations ;
Dimensions 29 cm.
336 ## - Content Type
Content type term text
337 ## - Media type
Media type term unmediated
338 ## - Carrier type
Carrier type term volume
490 1# - SERIES STATEMENT
Series statement His dark materials ;
Volume number/sequential designation book 1
500 ## - GENERAL NOTE
General note "A Borzoi Book"--Title page verso.
500 ## - GENERAL NOTE
General note "First published in Great Britain by Scholastic UK in 2020."--Title page verso.
520 ## - SUMMARY, ETC.
Summary, etc Accompanied by her daemon, Lyra Belacqua sets out to prevent her best friend and other kidnapped children from becoming the subject of gruesome experiments in the Far North.
583 ## - ACTION NOTE
Action Jcat
Time/date of action 20210812
Action agent pjr
Institution to which field applies UPB
650 #0 - SUBJECT ADDED ENTRY--TOPICAL TERM
Topical term or geographic name as entry element Belacqua, Lyra (Fictitious character)
Form subdivision Juvenile fiction.
9 (RLIN) 5802515
650 #0 - SUBJECT ADDED ENTRY--TOPICAL TERM
Topical term or geographic name as entry element Missing persons
General subdivision Experiments
Form subdivision Juvenile fiction.
9 (RLIN) 6442570
650 #0 - SUBJECT ADDED ENTRY--TOPICAL TERM
Topical term or geographic name as entry element Kidnapping
Form subdivision Juvenile fiction.
9 (RLIN) 5673689
651 #0 - SUBJECT ADDED ENTRY--GEOGRAPHIC NAME
Geographic name Arctic regions
Form subdivision Juvenile fiction.
9 (RLIN) 5708284
655 #0 - INDEX TERM--GENRE/FORM
Genre/form data or focus term Young adult fiction.
700 1# - ADDED ENTRY--PERSONAL NAME
Personal name Wormell, Christopher,
Relator term illustrator.
9 (RLIN) 23112
800 1# - SERIES ADDED ENTRY--PERSONAL NAME
Personal name Pullman, Philip,
Dates associated with a name 1946-
Title of a work His dark materials ;
Volume/sequential designation bk. 1.
9 (RLIN) 47274
942 ## - ADDED ENTRY ELEMENTS (KOHA)
Source of classification or shelving scheme Dewey Decimal Classification
Koha item type BOOK
Holdings
Withdrawn status Lost status Source of classification or shelving scheme Damaged status Not for loan Collection code Home library Current library Shelving location Date acquired Source of acquisition Serial Enumeration / chronology Total Checkouts Total Renewals Full call number Barcode Date last seen Date checked out Cost, replacement price Price effective from Koha item type
    Dewey Decimal Classification     Young Adult Fiction Wasatch County Library Wasatch County Library Main Floor Teen Area 03/04/2022 Amazon #1 His Dark Materials- Illustrated 4 7 YA Pullman 34301001838004 03/17/2025 12/01/2023 37.99 03/04/2022 BOOK
This project was made possible through a grant from the Institute of Museum and Library Service administered by the Utah State Library Division.

Wasatch County Library

  • 465 East 1200 South, Heber City, Utah 84032
  • Phone 435-654-1511 | Fax 435-654-6456

Hours

  • Monday - Friday 9:30 AM - 8:00 PM
  • Saturday 9:30 AM - 1:30 PM
  • Closed Sundays and Holidays